00722nam a2200241 a 4500001001300000003000900013005001700022008004100039020002300080082001500103100002200118245003100140260003100171300000900202500003500211505001700246650003000263700002200293902000800315942000700323952013300330999001700463nice12345678IN_TiNIC20260116015400.0111205s2011 dela grp 000 0 eng  a9789374953945c20000a232.9bSTE aSteenbrink, Karel aJesus Verses of the Qur`an aDelhi bMedia House c2011 a200p aincludes index and biblioraphy2 aBibliography aJesus Christ in the Quran1 aSteenbrink, Karel bSRC cBK 001040708StackRoom-aHMIbHMId2005-01-01g200.00l4m1o232.9 STEp11002343r2022-12-20s2022-11-16v200.00w2011-12-05yBK c19473d19473